Convivendo com a ecologia (Record no. 187861)

MARC details
000 -LÍDER
campo de controle de tamanho fixo 00394 a2200169 4500
001 - NÚMERO DE CONTROLE
campo de controle 187861
020 ## - ISBN - INTERNATIONAL STANDARD BOOK NUMBER
ISBN - International Standard Book Number 978-85-08-09232-1
040 ## - FONTE DA CATALOGAÇÃO
Instituição que transcreveu o registro Magnum
100 ## - ENTRADA PRINCIPAL--NOME PESSOAL
Nome pessoal Tordjman, Nathalie
240 10 - TÍTULO UNIFORME
Título uniforme Convivendo com a ecologia
Idioma da obra por
245 10 - TÍTULO
Título Convivendo com a ecologia
300 ## - DESCRIÇÃO FÍSICA
Extensão 55
362 0# - DATAS DE PUBLICAÇÃO E/OU DESIGNAÇÃO SEQUENCIAL
Datas de publicação e/ou designação sequencial 2004
440 #1 - DECLARAÇÃO DE SÉRIE/ENTRADA ADICIONADA--TÍTULO
Título Ática
697 ## - ENTRADA DE ASSUNTO LOCAL--ENTIDADE COLETIVA (RLIN)
Nome corporativo ou nome da jurisdição LITERATURA INFANTO-JUVENIL ESTRANGEIRA
942 ## - ELEMENTOS DE ENTRADA ADICIONADOS (KOHA)
Tipo de material Koha Livros
Holdings
Situação do descarte Situação das perdas Situação física Não pode ser emprestado Biblioteca de origem Biblioteca atual Data de aquisição Total de empréstimos Número de chamada completo Código de barras Data de último acesso Data do preço efetivo Tipo de material Koha
        Magnum Magnum 08/06/2024   890.4.97 MAG00059439 08/06/2024 08/06/2024 Livros
        Magnum Magnum 08/06/2024   890.4.97 MAG00059440 08/06/2024 08/06/2024 Livros
        Magnum Magnum 08/06/2024   890.4.97 MAG00059441 08/06/2024 08/06/2024 Livros
        Magnum Magnum 08/06/2024   890.4.97 MAG00059442 08/06/2024 08/06/2024 Livros
        Magnum Magnum 08/06/2024   890.4.97 MAG00059443 08/06/2024 08/06/2024 Livros
        Magnum Magnum 08/06/2024   890.4.97 MAG00059444 08/06/2024 08/06/2024 Livros
        Magnum Magnum 08/06/2024   890.4.97 MAG00059445 08/06/2024 08/06/2024 Livros
        Magnum Magnum 08/06/2024   890.4.97 MAG00059446 08/06/2024 08/06/2024 Livros
        Magnum Magnum 08/06/2024   890.4.97 MAG00059447 08/06/2024 08/06/2024 Livros